Stemmi Squadre di calcio - Serie A - Quiz n°3 - Statistics

Statistiche generali
  • Questo quiz è stato fatto 1.528 volte
  • Il punteggio medio è 9 su 10
Statistiche sulle risposte
con Immagini Risposta % Corretto
Associazione Calcio Monza
100%
Catania Società Sportiva Dilettantistica
100%
Potenza Calcio
100%
Frosinone Calcio
99%
Virtus Entella
99%
Benevento Calcio
94%
Football Club Internazionale Milano
94%
Venezia Football Club
94%
A.C. Carpi
93%
Unione Sportiva Grosseto 1912
49%
Nessun quiz corrispondente trovato
Distribuzione punteggi
Percentuale di utenti per punteggio
Percentile per numero di risposta
I tuoi punteggi nel tempo
Non hai fatto questo quiz